000 00518nam a22001937a 4500
005 20260602101304.0
010 _aENG-148693
020 _a9789349042216
_c350.00
035 _aEN-132225
037 _bDBAD
082 _aS
_21
100 _aSaxena, Ira
_989247
245 _aInside Fuming Forests/
_cIra Saxena
250 _a1
260 _aChandigarh
_bThe Browser
_c2026
270 _bChandigarh
_aSCO 14-15, Sector 8-C
_e160009
_mservice@thebrowser.org
300 _a198p.
_c21cm(pb)
942 _2ddc
_cEN
_hS
_mSAX
999 _c216440
_d216440